10 Biggest cities in Canton Vaud - Statistics

General Stats
  • This quiz has been taken 21 times
  • The average score is 7 of 10
Answer Stats
Population Answer % Correct
144,900 Lausanne
100%
27,000 Montreux
79%
23,400 Nyon
79%
21,500 Renens
79%
20,100 Vevey
79%
17,700 Morges
74%
30,300 Yverdon-les-Bains
68%
14,000 Gland
53%
13,400 Ecublens
37%
20,000 Pully
32%
No matching quizzes found
Score Distribution
Percent of People with Each Score
Percentile by Number Answered
Your Score History
You have not taken this quiz